Oeuvres philosophiques (Record no. 154043)

MARC details
000 -LEADER
campo de control de longitud fija 01018nam a22002295i 4500
001 - NÚMERO DE CONTROL
campo de control 154043
003 - IDENTIFICADOR DE NÚMERO DE CONTROL
campo de control ES-MaACL
005 - FECHA Y HORA DE LA ÚLTIMA TRANSACCIÓN
campo de control 20250801201902.0
008 - DATOS DE LONGITUD FIJA--INFORMACIÓN GENERAL
campo de control de longitud fija 050818s1775 fr | |||||||| ||fre d
040 ## - FUENTE DE CATALOGACIÓN
Centro catalogador/agencia de origen CAM
Lengua de catalogación spa
Centro/agencia transcriptor CAM
100 1# - ENTRADA PRINCIPAL--NOMBRE DE PERSONA
Nombre de persona Fénelon, François de Salignac de La Mothe,
Fechas asociadas al nombre 1651-1715
9 (RLIN) 49246
245 10 - MENCIÓN DEL TÍTULO
Título Oeuvres philosophiques
Resto del título : première partie: demonstrations de l'existence de Dieu, tirée de l'art de la nature. Seconde partie : démonstration de l'existence de Dieu et de ses attributs tirée de l'idée de l'infini même /
Mención de responsabilidad, etc. par feu François de Salignac de la Mothe.
250 ## - MENCION DE EDICION
Mención de edición Nouvelle éd.
260 ## - PUBLICACIÓN, DISTRIBUCIÓN, ETC.
Lugar de publicación, distribución, etc. A Paris :
Nombre del editor, distribuidor, etc. chez les Freres Estienne,
Fecha de publicación, distribución, etc. 1775.
300 ## - DESCRIPCIÓN FÍSICA
Extensión XVI, 404 p. ;
Dimensiones 12º.
597 ## - NOTA DE DESCRIPCIÓN FÍSICA
NOTA DE DESCRIPCIÓN FÍSICA Sign. []\p1\s, a\p8\s, A-2I\p8-4\s, 2K\p8\s, 2L\p2\s.
650 #7 - PUNTO DE ACCESO ADICIONAL DE MATERIA--TÉRMINO DE MATERIA
Término de materia o nombre geográfico como elemento de entrada Teología
Fuente del encabezamiento o término embne
9 (RLIN) 17457
700 1# - ENTRADA AGREGADA--NOMBRE PERSONAL
Nombre de persona Estienne, Freres,
Término indicativo de función/relación
9 (RLIN) 126975
752 ## - ENTRADA AGREGADA--NOMBRE JERÁRQUICO DEL LUGAR
País o entidad superior Francia -
Ciudad Paris
852 ## - LOCALIZACIÓN
Ubicación ES-MaACL
Número de control de estantería R-1224
Nota libre -- Enc. pasta
Signatura antigua --
Encuadernación Olim: G-10958
Holdings
Estatus retirado Estado de pérdida Estado de daño No para préstamo Colección Biblioteca de origen Biblioteca actual Ubicación en estantería Fecha de adquisición Fuente de adquisición Total de préstamos Signatura topográfica completa Código de barras Visto por última vez Precio de reemplazo Tipo de ítem Koha
        Libros del s. XVIII Biblioteca del Ateneo de Madrid Biblioteca del Ateneo de Madrid Depósito 17/01/2008     R-1224 1161066 23/02/2023 23/02/2023 Libro impreso antiguo